[Event "USA-ch"]
[Site "Parsippany"]
[Date "1996.??.??"]
[Round "4"]
[White "Dzindzichashvili, Roman"]
[Black "Alburt, Lev O"]
[Result "1-0"]
[WhiteElo "2545"]
[BlackElo "2560"]
[Annotator "Finkel,A"]
[PlyCount "67"]
[EventDate "1996.07.13"]
[EventType "tourn"]
[EventRounds "13"]
[EventCountry "USA"]
[EventCategory "12"]
[SourceTitle "CBM 055"]
[Source "ChessBase"]
[SourceDate "1996.12.01"]
[SourceVersion "1"]
[SourceVersionDate "1996.12.01"]
[SourceQuality "1"]

1. e4 {Finkel,A} Nf6 2. e5 Nd5 3. d4 d6 4. c4 Nb6 5. exd6 cxd6 6. Nc3 g6 7. Be3
Bg7 8. Rc1 O-O 9. b3 e5 10. dxe5 dxe5 11. Qxd8 Rxd8 12. c5 N6d7 13. Bc4 Nc6 14.
Nf3 Nd4 (14... h6 15. Ne4 Na5 16. Be2 Nf8 17. Nd6 Ne6 18. O-O $14 {
[Yagupov-Konopka]}) (14... Na5 $5 15. Be2 (15. Bg5 $6 Re8 $6 (15... Rf8 $1 16.
Be7 Re8 (16... Nxc4 $5 17. Bxf8 Kxf8 18. bxc4 Nxc5 19. O-O e4 $44 {
[Honfi-Varga]}) 17. Nd5 e4 18. Ng5 Nxc4 19. Rxc4 f5 20. Nc7 Rxe7 21. Nxa8 h6
22. Nh3 Ne5 23. Ra4 Nd3+ $44) 16. Nb5 $1 e4 17. Nc7 exf3+ 18. Nxe8 fxg2 19. Rg1
Nxc4 20. Rxc4 Ne5 (20... b5 21. cxb6 Nxb6 22. Rc1 Bb7 23. Nxg7 Kxg7 24. Rc7 $1
Bf3 25. Rc3 $1 $16) 21. Rc3 Bg4 22. Nxg7 Nf3+ 23. Rxf3 Bxf3 24. Bf6 $16) 15...
Nc6 $5 (15... h6 16. O-O f5 17. Rfd1 Nc6 18. g3 e4 19. Nd4 Nxd4 20. Bxd4 $14))
15. Ng5 Rf8 (15... Nxc5 $6 16. Nxf7 Nd3+ $8 17. Kd2 $1 Be6 18. Nxd8 $1 Bxc4 19.
bxc4 Nxc1 20. Nxb7 $16 {[Sholman-Shon]}) 16. Nce4 Nf5 17. O-O (17. Nxf7 $5 Rxf7
18. Ng5 Nh6 19. Ne6 g5 $1 (19... Nf8 $2 20. Nxg7 $1 Ng4 21. Ne8 $18 {
[Olsson-Zatterberg]}) 20. h4 $5 (20. Nxg5 Nf6 21. Nxf7 Nxf7 22. Rd1 Bd7 $14)
20... e4 $8 21. Nxg7 Kxg7 22. hxg5 Nf5 23. Bxf7 Kxf7 24. Rxh7+ Kg6 25. Rh3 Ne5
$16) 17... Nf6 18. Nd6 $1 Nxd6 19. cxd6 $14 Bd7 (19... h6 $6 20. Nxf7 $1 Rxf7
21. Bxf7+ Kxf7 22. Rc7+ Bd7 23. Rxb7 $16) 20. a4 $1 {[It's very important to
keep bishop on c4 where it puts great pressure on f7]} Bc6 21. Rfd1 a6 (21...
h6 $6 22. Nf3 Nd7 23. Bb5 $1 Rfc8 24. Rc4 $16) 22. f3 Rad8 $6 (22... h6 $5 23.
Nh3 (23. Ne4 Nxe4 24. fxe4 Bxe4 25. d7 Bc6 26. Bb6 Bf6 27. Rc2 $44) 23... Rfd8
24. Rd2 e4 25. Nf4 Kf8 26. Kf2 $14) 23. Bxa6 $1 Nd5 $6 (23... h6 24. Rxc6 bxc6
25. Ne4 Nd5 26. Bc5 f5 27. Nd2 $44) 24. Bf2 $16 Bh6 25. h4 Rfe8 26. Bc4 Rxd6
27. Rd3 Rd7 28. Rcd1 Red8 29. Ne4 $1 Kg7 30. Nc5 Rd6 31. a5 $18 Kf8 32. b4 Ke7
33. Ne4 Ne3 (33... R6d7 34. b5) 34. Nxd6 1-0

[Event "Sigeman & Co 10th"]
[Site "Malmo"]
[Date "2002.06.07"]
[Round "2"]
[White "Berg, Emanuel"]
[Black "Timman, Jan H"]
[Result "1-0"]
[WhiteElo "2514"]
[BlackElo "2616"]
[Annotator "Finkel,A"]
[PlyCount "79"]
[EventDate "2002.06.06"]
[EventType "tourn"]
[EventRounds "9"]
[EventCountry "SWE"]
[EventCategory "13"]
[SourceTitle "CBM 090"]
[Source "ChessBase"]
[SourceDate "2002.09.20"]
[SourceVersion "1"]
[SourceVersionDate "2002.09.20"]
[SourceQuality "1"]

1. e4 Nf6 2. e5 Nd5 3. d4 d6 4. c4 Nb6 5. exd6 exd6 6. Nc3 Be7 7. Qf3 $5 {
It's not the first time Berg plays this relatively rare variation of Alekhine
defense. He also tried it in the first round of the tournament versus Thomas
Luther.} c5 $5 {More common is 7...Nc6 which was tried by Luther:} (7... Nc6 8.
Be3 O-O 9. O-O-O f5 $5 10. c5 f4 11. cxb6 fxe3 12. bxc7 Qxc7 13. Qd5+ Kh8 14.
fxe3 Bf5 $36 {and black has very strong initiative for the pawn; Berg,E-Luther,
T/Malmoe SWE 2002}) 8. dxc5 $5 {Opening the center is possible solution.} (8.
d5 $5 O-O 9. Bd3 $6 N8d7 10. Bf4 Ne5 11. Bxe5 $6 dxe5 12. O-O-O f5 $17 {
Perovic,D-Popov,L/JUG-chT2 1994/EXT 97}) 8... dxc5 9. Be3 Nc6 $5 ({If black
opted for passive} 9... O-O 10. Rd1 N8d7 11. Bd3 Re8 12. Nge2 a6 13. O-O $14 {
white would get very comfortable advantage.}) 10. Rd1 Nd4 11. Bxd4 cxd4 12.
Nge2 {[%csl Rd4]} O-O $5 {Temporary pawn sacrifice is probably the best way to
play in the position since after} (12... Nxc4 13. Nxd4 Nd6 (13... Nxb2 14. Bb5+
Kf8 15. Ne6+ Bxe6 16. Rxd8+ Rxd8 17. O-O $16) 14. Bd3 O-O 15. O-O a6 16. Nd5
$14 {white is better.}) 13. Nxd4 Bf6 14. Ndb5 Qe7+ $5 ({Not good enough is} 
14... Bxc3+ $6 15. Qxc3 (15. Nxc3 $6 Qh4 {[%csl Rc4][%cal Gc8g4,Gf8e8]} 16. Be2
Nxc4 17. g3 Qe7 18. Nd5 Qe5 $11) 15... Re8+ 16. Be2 Qg5 (16... Qe7 $2 17. O-O
Qxe2 $140 18. Rfe1 $18) 17. Kf1 $14 {and black hardly has sufficient
compensation for the pawn.}) 15. Be2 Nxc4 $5 {May be Timman should try} (15...
Qb4 $5 16. O-O Qxb2 17. Rb1 Qd2 18. Ne4 Qh6 19. Nxf6+ Qxf6 20. Qxf6 gxf6 21.
Nd6 $14 {even though white keeps better chances in the endgame...}) 16. Nd5 Qe5
17. Nxf6+ gxf6 18. O-O $1 Qxb5 ({An attempt to take the pawn was doomed to
failure:} 18... Nxb2 $2 {[%csl Rb2]} 19. Rd5 Qe7 20. Nc3 $1 Be6 21. Rb5 Nc4 22.
Bxc4 Bxc4 23. Qg4+ $18) 19. Rd4 Qe5 {Again black opts for the most logical
continuation. Worse is} (19... Qf5 $6 20. Qg3+ (20. Rxc4 Qxf3 21. Bxf3 Be6 22.
Rc7 Bxa2 $14) 20... Qg6 21. Bxc4 Qxg3 22. fxg3 $1 $16 {and black's defensive
task is very difficult.}) 20. Rxc4 Be6 21. Rh4 $5 {Trying to win a pawn on h7.}
Rfd8 22. Bd3 Qg5 $1 (22... f5 23. Qh5 $1 Rxd3 24. Qxh7+ Kf8 25. Qh8+ Qxh8 26.
Rxh8+ Ke7 27. Rxa8 $18) 23. Bxh7+ Kg7 24. Rh5 Qg4 {Forcing white to exchange
queens.} 25. Be4 Qxf3 26. Bxf3 Rab8 $2 {This move is not so easy to explain!
So far Timman defended perfectly and after logical} (26... Rd2 $1 $132 {
[%csl Ra2,Rb2] black would be out of danger!}) 27. Ra5 $1 a6 28. b3 Rd2 29. h3
$18 {Now white is just a pawn up and the rest is just a matter of technique.}
Bc8 30. Rd5 $1 Rxa2 $6 {Looking for counterchances.} (30... Rxd5 31. Bxd5 Be6
32. Bxe6 fxe6 33. Rc1 $18) 31. Rd8 Rc2 32. Re1 a5 33. Ree8 f5 34. Bd5 Be6 $2 {
Giving up the game. The last chance to put up some resistance was} (34... Rc7
$8) 35. Rxb8 Bxd5 36. Re5 Rc5 37. Kh2 Kf6 38. f4 Rb5 39. Rd8 Bc6 40. Rd6+ 1-0

[Event "Dortmund m1"]
[Site "Dortmund"]
[Date "2002.07.13"]
[Round "1"]
[White "Naiditsch, Arkadij"]
[Black "Timman, Jan H"]
[Result "1-0"]
[WhiteElo "2581"]
[BlackElo "2623"]
[Annotator "Finkel,A"]
[PlyCount "115"]
[EventDate "2002.07.13"]
[EventType "match"]
[EventRounds "8"]
[EventCountry "GER"]
[SourceTitle "CBM 091"]
[Source "ChessBase"]
[SourceDate "2002.11.12"]
[SourceVersion "1"]
[SourceVersionDate "2002.11.12"]
[SourceQuality "1"]

1. e4 Nf6 2. e5 Nd5 3. d4 d6 4. c4 Nb6 5. exd6 exd6 6. Nc3 Be7 7. Bd3 $5 O-O 8.
Nge2 Nc6 9. O-O {This variation leads to the position where white's advantage
is minimal, but very stable.} (9. h3 Nb4 10. Bb1 a5 11. a3 Nc6 12. b3 f5 13.
O-O Kh8 14. d5 Ne5 15. a4 Nbd7 16. f4 $14 {Ardeleanu,A-Cosma,I/ROM-ch 1992})
9... Bf6 (9... Nb4 10. Bb1 a5 11. b3 Re8 12. Be3 a4 13. Nxa4 Nxa4 14. bxa4 Nc6
15. Nc3 Na5 16. Bd3 c6 17. Qc2 $16 {Kaminski,M-Baburin,A/Biel 1995}) 10. b3 (
10. Be3 Bg4 (10... Nb4 11. b3 Nxd3 12. Qxd3 Bg4 13. f3 Bh5 14. Ng3 Bg6 15. Qd2
Bh4 16. d5 Re8 17. Rae1 Nd7 $11 {Sermek,D-Zelcic,R/Makarska 1994}) (10... Re8
11. Qd2 Nb4 12. Rac1 c6 (12... Nxd3 $5 $11) 13. b3 d5 14. Bb1 dxc4 15. Ne4 Nd3
16. Nxf6+ Qxf6 17. Rc3 $14 {Schuster,B-Majer,D/Hessen 1999}) (10... g6 11. b3
Re8 12. Qd2 a5 13. Rae1 Ne7 14. Ng3 d5 15. Bg5 $16 {Kveinys,A-Engel,K/
Wuerzburg 1994}) 11. h3 Bh5 12. Qd2 Bg6 13. b3 Bxd3 14. Qxd3 d5 15. c5 Nc8 16.
b4 Nxb4 17. Qb1 Nc6 18. Qxb7 N8e7 $13 {Sermek,D-Zelcic,R/Pozega 2000}) (10. a3
Bg4 11. Be3 Re8 12. Qc2 g6 13. h3 Bxe2 14. Nxe2 Bg5 15. Bxg5 Qxg5 16. d5 Ne7
17. Nd4 a6 18. Rae1 Qf6 $11 {Jovanovic,J-Nikolic,M/Novi Sad 1996}) 10... Bg4
11. Be3 Re8 12. Qd2 (12. Qc2 g6 13. a3 Bg7 14. h3 Bxe2 15. Nxe2 d5 16. c5 Nd7
17. b4 a6 18. Qb3 Nf6 19. a4 Qd7 20. b5 $14 {Wojcieszyn,Z-Pasteiner,J/Zakopane
2000}) 12... Nb4 (12... Ne7 $6 13. Ne4 Nf5 14. Nxf6+ Qxf6 15. Bg5 Qe6 16. f3
$18) (12... d5 $5) 13. Bb1 Bxe2 ({Deserved attention typical} 13... d5) 14.
Nxe2 c5 15. a3 Nc6 16. Ra2 Qe7 $6 {Strange choice. After natural} (16... cxd4
17. Nxd4 d5 18. Nxc6 bxc6 19. cxd5 cxd5 $5 (19... Nxd5 20. Qc2 g6 21. Qxc6 Rc8
22. Qa6 Nxe3 23. fxe3 Bg5 $14) 20. Qd3 g6 21. Rd2 Qe7 $11 {black is doing fine.
}) 17. h3 (17. d5 Ne5 18. h3 $14) 17... g6 (17... cxd4 18. Nxd4 Nxd4 19. Bxd4
Bxd4 20. Qxd4 Rad8 21. Rd2 $14) 18. d5 $14 Ne5 19. Qc1 {[%cal Ge2c3,Ga2e2]} Bg7
20. a4 (20. Nc3) 20... Nbd7 21. Nc3 f5 22. Bg5 $1 {White's plan is to play f4
at some stage, that's why he puts the bishop on g5} Bf6 $6 (22... Nf6 $5 23.
Re2 Qd7 24. Rfe1 Nf7 25. Bf4 Rxe2 26. Rxe2 Re8 27. Qe1 $14) 23. Bxf6 Qxf6 24.
Re2 Re7 (24... Nf7 25. Rfe1 Rxe2 26. Rxe2 Nf8 27. Qe1 $14) 25. f4 Nf7 26. Rxe7
Qxe7 27. Re1 Qh4 28. Re6 Nf8 29. Re2 Nd7 30. Kh2 a6 (30... Nf6 $6 31. g3 Qh5
32. Kg2 Re8 33. Rxe8+ Nxe8 34. Qe1 $16 {[%csl Rh5]}) 31. g3 Qf6 32. Kg2 Rd8 33.
Qe3 Qd4 34. g4 ({Not so bad was} 34. Qd3 $5 $16 {[%cal Ge2e6] followed by Re6
or Re7.}) 34... Nf6 35. Qf3 $2 {Blundering a pawn.} (35. gxf5 Nh5 36. Kf3 Qf6 (
36... Nxf4 37. Qxf4 Qxc3+ 38. Kg2 g5 39. Qe4 Qe5 40. Qc2 Qf6 41. Re6 $16 {
[%cal Gf5f6]}) 37. Rg2 $16 {[%cal Gg2g8]}) 35... fxg4 36. hxg4 Rf8 $2 {For
some reason Timman refuses to accept the gift while after} (36... Nxg4 $1 {
[%csl Rc3]} 37. Re4 Qg7 (37... Qd2+ 38. Re2 Qc1 39. Bxg6 hxg6 40. Na2 $13) 38.
Re7 b6 39. Bc2 Nf6 $15 {black would win a pawn.}) 37. Ne4 Nxe4 38. Qxe4 Qc3 39.
Bc2 Qa1 40. Re1 Qc3 41. g5 $1 {[%csl Rf7] Restricting the knight on f7.} Rb8
42. Re2 Rf8 (42... b5 43. axb5 axb5 44. cxb5 Kg7 45. Qc4 Qa5 46. Bd3 $16) 43.
Qd3 {[%cal Ge2e7]} Qxd3 44. Bxd3 Nd8 45. Kg3 a5 46. Bc2 Rf7 (46... Kg7 47. Kg4
h5+ 48. gxh6+ Kxh6 49. Re7 b6 50. Bd3 Rf6 51. Re8 Nf7 52. Rb8 $16 {[%csl Rb6]})
47. f5 $1 gxf5 48. Kf4 Kf8 49. Bxf5 Rg7 50. Rh2 Kg8 51. Rh6 Nf7 52. Be6 $1 Kf8
53. Bxf7 Rxf7+ 54. Kg4 Ke7 (54... Rd7 55. Kf5 Kg8 56. Ke6 Rg7 57. Kxd6 $18) 55.
Kh4 Kd7 56. Kh5 Ke7 57. Re6+ Kd7 58. Kh6 (58. Kh6 b6 59. Rf6 Re7 60. Rf8 $18 {
[%cal Gf8h8]}) 1-0

[Event "NOR-ch playoff"]
[Site "Asker"]
[Date "2000.07.09"]
[Round "2"]
[White "Djurhuus, Rune"]
[Black "Agdestein, Simen"]
[Result "0-1"]
[WhiteElo "2484"]
[BlackElo "2588"]
[Annotator "Finkel,A"]
[PlyCount "48"]
[EventDate "2000.07.16"]
[EventType "match"]
[EventRounds "2"]
[EventCountry "NOR"]
[SourceTitle "CBM 079"]
[Source "ChessBase"]
[SourceDate "2000.11.21"]
[SourceVersion "1"]
[SourceVersionDate "2000.11.21"]
[SourceQuality "1"]

1. e4 Nf6 2. e5 Nd5 3. d4 d6 4. c4 Nb6 5. f4 Bf5 6. Nc3 e6 7. Nf3 (7. exd6 cxd6
8. Bd3 Be7 9. Bxf5 exf5 10. b3 O-O 11. Nf3 $14 {Keogh,E-Baburin,A/Kilkenny op
1996}) 7... Na6 (7... Be7 8. Bd3 Bxd3 9. Qxd3 Nc6 10. O-O O-O 11. Be3 d5 $132 {
Larsen,H-Larsen,O/Aalborg op 1995}) 8. Bd3 $6 {After this move black gets
sufficient counterplay.Better was} (8. a3 c5 9. dxc5 dxc5 10. Be3 Qxd1+ 11.
Rxd1 Rd8 12. Rxd8+ Kxd8 13. Be2 f6 14. Kd2 Bg4 15. b3 $14 {Golts,R-Kleist,F/
Canadian Open 1999}) (8. Be3 c5 9. exd6 Bxd6 10. Be2 O-O 11. O-O Qe7 12. Nb5
Bb8 13. Rc1 Nd7 $13 {Mohammad,S-Gausel,E/Erevan olm 1996}) (8. Be3 dxe5 9. fxe5
c5 $132) 8... Bxd3 9. Qxd3 c5 10. dxc5 ({White should have prefered} 10. d5 $5
Nb4 11. Qe2 dxe5 12. Nxe5 Be7 13. dxe6 fxe6 14. O-O $14 {with better chanses.})
10... Nxc5 11. Qe2 dxe5 12. Nxe5 f6 $5 13. Qh5+ {Accepting the chalange.} (13.
Nf3 Qd3 (13... Nd3+ 14. Kf1 Kf7 15. b3 Nxc1 16. Rxc1 Bc5 17. Rd1 $13) 14. Qxd3
(14. Nb5 Rd8 15. b3) 14... Nxd3+ 15. Ke2 Nxc1+ 16. Raxc1 $11) 13... g6 14. Nxg6
hxg6 15. Qxh8 Qd4 16. Ke2 $1 (16. Qg8 Nd3+ 17. Ke2 Qf2+ $1 18. Kxd3 O-O-O+ 19.
Nd5 exd5 20. Qe6+ Kb8 21. c5 Bxc5 $40 {[%csl Rd3]}) (16. Qh3 $5) 16... Qxc4+
17. Kf3 (17. Kf2 $5) 17... Nd5 18. Rd1 $1 Nd3 19. Qg8 $2 {Unfortunate decision
in this complicted position.Now white finds himself in troubles and loses by
force,while after logical} (19. Nxd5 Qxd5+ 20. Kg3 $16 {I don't see how black
manages to develop the initiative.}) 19... Ne7 $1 20. Qh7 Qc6+ 21. Ke2 (21. Kg3
Nf5+ 22. Kh3 Nf2#) (21. Ke3 Nxc1 22. Raxc1 Qxg2 $19 {[%csl Re3][%cal Ge7f5,
Ga8d8]}) 21... Qxg2+ $1 22. Kxd3 O-O-O+ {Bringing remaining pieces to the game.
} 23. Kc4 Rxd1 24. Nxd1 Qe2+ $1 (24... Qe2+ 25. Kb3 Qxd1+ 26. Kc4 Qc2+ 27. Kd4
Nf5#) 0-1

[Event "Saintly Cup"]
[Site "Sydney"]
[Date "1999.01.28"]
[Round "6"]
[White "Benjamin, Joel"]
[Black "Wohl, Aleksandar H"]
[Result "1-0"]
[WhiteElo "2593"]
[BlackElo "2440"]
[Annotator "Finkel,A"]
[PlyCount "83"]
[EventDate "1999.01.22"]
[EventType "tourn"]
[EventRounds "9"]
[EventCountry "AUS"]
[EventCategory "10"]
[SourceTitle "CBM 070"]
[Source "ChessBase"]
[SourceDate "1999.06.08"]
[SourceVersion "1"]
[SourceVersionDate "1999.06.08"]
[SourceQuality "1"]

1. e4 Nf6 2. e5 Nd5 3. d4 d6 4. c4 Nb6 5. exd6 exd6 6. Nc3 Nc6 7. Be2 (7. Be3
Bf5 $6 8. Nf3 Be7 9. d5 $1 (9. Rc1 $5 O-O 10. Be2 Bf6 11. O-O Re8 12. d5 Ne5
13. Nd4 $14 {Rudolf,H-Sieg,U/BL2-N9697 1997 (21)}) 9... Ne5 10. c5 Nbd7 11. c6
bxc6 12. Nd4 Bg4 13. f3 Bh5 14. dxc6 $16 {Castaneda,N-Taylor,W/Canadian op
1997 (39)}) (7. h3 Bf5 8. Be3 Be7 9. Nf3 O-O 10. Be2 Bf6 11. O-O Re8 12. b3 d5
13. c5 Nc8 14. Nh2 $14 {Engelbert,C-Ritscher,J/Hamburg ch 1997 (32)}) 7... Be7
(7... Bf5 8. Be3 Be7 (8... Nb4 $6 9. Rc1 c5 10. d5 Be7 11. a3 Na6 12. Nf3 $14 {
Luchan,J-Hart,W/USA-op Los Angeles 1991 (59)}) 9. Nf3 O-O 10. O-O Bg6 11. Rc1
Re8 12. d5 $14 {Kovacic,P-Krpan,B/Ljubljana op 1995 (24)}) 8. h3 O-O 9. Nf3 Bf5
10. O-O Re8 11. a3 {This move seems to me quiet harmless and black proves it
with energetic play in the opening.} (11. d5 Nb8 12. Nd4 Bc8 13. Be3 Bf6 14.
Qc2 $14 {Karpchuk,E-Starostits,I/EU-chJM U14 1993 (40)}) 11... Bf6 12. Re1 Na5
$1 (12... d5 13. c5 Nc8 14. Bf4 N8e7 15. Bb5 $1 a6 16. Ba4 $14) 13. b3 c5 14.
Be3 d5 $1 $132 {With this strong move black fully equalizes the position.} (
14... Nc6 $6 15. Rc1 cxd4 16. Nxd4 Nxd4 17. Bxd4 Bxd4 18. Qxd4 $14) 15. cxd5
Nxd5 (15... cxd4 $5 16. Bxd4 Bxd4 (16... Nxd5 $2 17. Nxd5 Qxd5 18. Bxf6 Qxd1
19. Raxd1 gxf6 20. Rd5 $18 {[%cal Gd5f5,Gd5a5]}) 17. Nxd4 Nxd5 18. Nxd5 Qxd5
19. Nxf5 Qxf5 20. b4 $14) 16. Nxd5 Qxd5 17. dxc5 Qxd1 ({Another promising
possibility was} 17... Qxb3 $5 {with very good chanses.}) 18. Raxd1 Nxb3 19.
Bd3 Be6 $6 {From now on black starts to play very unconfidently move by move
giving up something.Instead of move in the game black should play} (19... Bxd3
20. Rxd3 Na5 21. Rd7 (21. Bd2 Nc4 22. Rxe8+ Rxe8 23. Rd7 Rd8 $15) 21... Rad8
22. c6 bxc6 23. Rxa7 Nc4 $11 {with equal position.}) 20. Be4 Na5 $5 {After
this move black loses a pawn,but keeps very good drawing chanses.} (20... Re7
$5) 21. Bd2 $1 Nc6 (21... Bd8 $2 22. Nd4 $1 (22. Bxa5 $6 Bxa5 23. Bxb7 Rab8 (
23... Bxe1 24. Bxa8 Bxf2+ 25. Kxf2 Rxa8 26. Ke3 Kf8 $11) 24. Re5 $1 Bc7 (24...
Rxb7 25. c6 $16) 25. Bc6 Bxe5 26. Bxe8 Bb2 27. Bd7 Bxa3 $11) 22... Bd7 (22...
Rc8 23. Bb4 Nc6 24. Nxe6 fxe6 25. Rd7) 23. Rb1 $1 (23. Bxa5 Bxa5 24. Bxb7 Bxe1
25. Bxa8 Bxf2+ 26. Kxf2 Rxa8 27. c6 Be8 28. Rb1 Rc8 29. Rb7 Kf8 $14) 23... Nc4
24. Bxb7 Rxe1+ 25. Rxe1 Rb8 26. c6 $18) 22. Rb1 Re7 23. Rxb7 $1 $14 Rxb7 24.
Bxc6 {[%cal Gc6a8]} Rab8 25. Bxb7 Rxb7 26. Bg5 $5 {Nothing promises} (26. Bb4
Rc7 27. Rc1 Bd5 28. Kf1 Kf8 29. Ke2 Ke8 $14 {and black has good compensation
for the pawn.}) 26... Bc3 $5 (26... Bb2 $6 27. a4 $6 (27. Rb1 $1 Bd5 $8 28. Rd1
$1 (28. Bc1 Bxc1 29. Rxc1 Bxf3 30. gxf3 Kf8 31. Kf1 Ke7 $11) 28... Rd7 29. Rd2
Ba1 30. Bf4 $16) 27... h6 28. Bd8 Rb4 $14) 27. Re3 Bb2 28. Bf4 $5 {[%cal Gc5c7]
} h6 $2 {Missing very good chanse:} (28... Rb3 $1 29. c6 (29. Rxb3 Bxb3 30. Nd2
Bd5 31. a4 Kf8 32. Kf1 Ke8 $11) 29... Bxa3 30. Rxb3 Bxb3 31. c7 Be6 32. Nd4 Bd7
33. Nc6 Bc5 34. Be3 Bd6 $1 $11 {with a draw.}) 29. c6 Rb6 30. c7 $16 Rc6 31.
Rd3 g5 32. Bg3 f5 $6 {[%csl Re5]} ({Much better was} 32... f6 $5 {taking under
control square e5.}) 33. Rd8+ Kg7 34. Bd6 Bf6 35. Ne5 Rc1+ (35... Bxe5 36.
Bxe5+ Kf7 37. Kh2 $16) 36. Kh2 f4 $6 ({It was last option to take on e5 and to
keep on fighting.} 36... Bxe5+ 37. Bxe5+ Kg6 38. Rd6 Kf7 39. Ra6 $18) 37. Nd3
$1 $18 {Now everything is over.} Rc6 38. Nc5 Bf5 39. Nd7 Rxd6 40. Rg8+ Kxg8 41.
c8=Q+ Kf7 42. Qf8+ 1-0

[Event "Aarhus GM"]
[Site "Aarhus"]
[Date "2003.07.30"]
[Round "4"]
[White "Berg, Klaus"]
[Black "Rasmussen, Karsten"]
[Result "0-1"]
[WhiteElo "2439"]
[BlackElo "2437"]
[Annotator "Finkel,A"]
[PlyCount "58"]
[EventDate "2003.07.27"]
[EventType "tourn"]
[EventRounds "9"]
[EventCountry "DEN"]
[EventCategory "9"]
[SourceTitle "CBM 097"]
[Source "ChessBase"]
[SourceDate "2003.11.11"]
[SourceVersion "1"]
[SourceVersionDate "2003.11.11"]
[SourceQuality "1"]

1. e4 Nf6 2. e5 Nd5 3. d4 d6 4. Bc4 Nb6 5. Bb3 Bf5 6. Qf3 {White can hardly
hope to get an opening advantage in this line.} Qc8 7. Ne2 e6 8. O-O (8. g4 $6
Bg6 9. Nf4 Nc6 10. Qe3 Na5 11. Nd2 c5 12. dxc5 Qc6 13. f3 Qxc5 $13 {Hebert,
J-Kirton,N/Toronto 1978}) (8. Bf4 dxe5 9. dxe5 c5 10. a3 c4 11. Ba2 Bxc2 12.
Nd2 Bd3 13. Rc1 Bc5 14. b4 Be7 $132 {Buerkle,K-Nikolaiczuk,L/Wittlich 1980/GER}
) (8. Nbc3 d5 $6 (8... Nc6 9. exd6 Bxd6 10. Nb5 Nb4 11. Nxd6+ cxd6 12. Qg3 O-O
13. O-O Qd7 14. Bf4 $14 {Ahn,M-Burkart,P/Germany 1996/GER-chT2}) 9. Ng3 Bg6 10.
Nce2 c5 11. c3 h6 12. O-O Nc6 13. a3 Na5 14. Ba2 $16 {Ristau,J-Hartleif,S/GER
1995/EXT 2001}) (8. Qg3 dxe5 9. dxe5 c5 10. c4 Nc6 11. Na3 a6 12. O-O Qc7 13.
f4 O-O-O 14. Be3 f6 15. exf6 gxf6 $15 {Skytte,R-Baburin,A/Copenhagen 1999/CBM
71}) 8... c5 (8... d5 9. Ng3 Bg6 10. h4 h6 11. h5 Bh7 12. a4 a5 13. Qg4 Nc6 14.
c3 $14 {Ristic,N-Stefanopoulos,O/Athens 1993}) (8... Nc6 9. Bf4 d5 10. Nd2 Be7
11. Qg3 g5 12. Be3 Qd7 13. a4 a5 $13 {Kroencke,M-Nonnenmacher,T/Germany 1998})
9. dxc5 dxc5 10. c4 $6 {[%csl Rd4] Weakening d4, which proves to be extremly
important. More logical was} (10. c3 {[%csl Gd4]} c4 11. Bd1 Nc6 12. Bf4 Qc7
13. Nd4 (13. Qg3 Rd8 14. Nd2 Rd3 15. Nf3 Be4 16. Nc1 Rd8 $132) 13... Nxd4 14.
cxd4 Bd3 15. Re1 Qc6 16. Nc3 Qxf3 17. Bxf3 O-O-O $13 {with unclear position.})
10... Nc6 11. Bf4 (11. Qg3 h6 12. Nbc3) 11... g5 $1 $36 {After this move it
becomes clear that white lost an opening battle.} 12. Bxg5 (12. Bg3 h5 13. h3
g4 14. hxg4 Bxg4 15. Qe3 h4 $17) 12... Nxe5 13. Qc3 Rg8 14. f4 (14. Bf4 Nd3 $17
{[%cal Gf8g7,Gc8c6]}) 14... Nc6 15. Qe3 (15. Ng3 Bg7 16. Bf6 Nd4 17. Bxg7 Rxg7
18. Rf2) 15... Bg7 16. Nbc3 $6 {Desperate attempt to complicate the position,
but also after} (16. Na3 Nd4 $1 {white is in deep troubles.} (16... Bxb2 $2 17.
Nb5 {[%cal Gb5d6]} Bd4 18. Nexd4 cxd4 19. Nxd4 Nxd4 20. Qxd4 $16) 17. Nb5 Nxb5
18. cxb5 c4 19. Bd1 h6 20. Bh4 Bxb2 $19) 16... Bd4 $19 17. Nxd4 cxd4 18. Qd2
dxc3 19. Qxc3 Qc7 20. Rad1 Nd7 21. Rd5 $5 (21. Rfe1 h6 22. Bxh6 O-O-O $19)
21... Ne7 {Black is too catious. Even better was} (21... exd5 22. Qe3+ Kf8 23.
cxd5 Qb6 24. Bh6+ Rg7 25. Qxb6 axb6 26. dxc6 bxc6 $19) 22. Rd2 Qc5+ 23. Kh1
O-O-O 24. Rfd1 Nb6 25. Rxd8+ Rxd8 26. Rxd8+ Kxd8 27. Qh8+ (27. Qg7 Nbc8 28. h3
Be4 29. Qxf7 Qf2 30. Bxe7+ Nxe7 31. Qf8+ Kd7 32. Ba4+ Bc6 $19) 27... Kc7 28.
Qf8 Nbc8 29. Qxf7 Qf2 0-1